[Event "Match 79__120'/40"]
[Site "Zürich"]
[Date "2025.??.??"]
[Round "34"]
[White "Mephisto Polgar sel. 5"]
[Black "Mephisto Explorer Pro"]
[Result "1/2-1/2"]
[WhiteElo "1981"]
[BlackElo "2013"]
[Annotator "Utzinger,K"]
[PlyCount "132"]
[EventDate "2024.10.21"]
[EventType "match"]
[SourceVersionDate "2024.10.21"]

{[%evp 0,132,19,31,14,-14,23,5,17,11,34,45,32,13,33,17,28,15,13,21,33,27,28,6,14,20,12,-2,-1,5,-3,-23,-21,-21,-13,-17,-15,-38,-27,-28,8,23,50,42,83,92,90,57,90,86,87,101,107,110,147,129,218,232,246,112,124,117,116,115,125,104,128,112,123,118,117,96,113,95,103,107,132,128,127,127,145,136,137,150,150,150,185,146,146,146,155,142,154,150,178,174,174,295,302,64,84,0,0,0,0,0,0,0,0,0,0,0,0,0,0,0,0,0,0,0,0,0,0,0,0,0,0,0,0,0,0,0,0,0,0]} 1. d4 Nf6 {Match 120'/40 | Bediener: Rolf Bühler | 34. Partie: Remis | Zwischenstand: 20,5-13,5 (60,2%) für Mephisto Explorer Pro / hypothetisch: 21,5-12,5 (63,2%) für Mephisto Explorer Pro | Eröffnung: Budapester Gambit | Für einmal ist es das Programm von Frans Morsch, das im Endspiel patzt und zweimal in klar verlorene Stellungen gerät. Bei drei weissen gegen zwei schwarze Bauern am Königsflügel und mit weissem Läufer gegen schwarzen Springer wickelt der dringend auf Siege angewiesene Mephisto Polgar in Gewinnstellung durch 49.Lxf7? falsch ab und muss sich deshalb mit dem bitteren Remis begnügen.} 2. c4 e5 3. dxe5 Ng4 4. Bf4 Nc6 5. Nf3 Bb4+ 6. Nbd2 Qe7 {***ENDE BUCH***} 7. a3 Ngxe5 {Eine böse Falle, die durch das Eröffnungsbuch abgedeckt ist.} 8. Nxe5 (8. axb4 $4 Nd3# {Matt}) 8... Nxe5 {Nochmals die gleiche Falle.} 9. e3 {abgewehrt} Bxd2+ 10. Qxd2 O-O $2 {Eine Ungenauigkeit im schwarzen Eröffnungsbuch. Nur 10...d6 ist richtig, was den Vorstoss 11.c5! verhindert.} 11. Be2 $2 {Auch das weisse Eröffnungsbuch hat seine Mängel. Nur 11.c5! sorgt für Vorteil zugunsten des Anziehenden.} (11. c5 $1 d6 (11... b6 $2 12. Qd5 Nc6 13. Bxc7 Qxc5 14. Qxc5 bxc5 15. O-O-O ({oder} 15. Bd6 Re8 16. Bxc5 $16) 15... Nd8 (15... a5 16. Rd5 $18) 16. Bc4 $18) (11... Qxc5 $6 12. Rc1 Qd6 13. Qxd6 cxd6 14. Rd1 $16) 12. cxd6 cxd6 13. Be2 Bd7 14. Rd1 Bc6 15. O-O Rfd8 16. Qd4 h6 17. Rd2 b6 18. Rfd1 Bb7 19. Bxe5 dxe5 20. Qxd8+ Rxd8 21. Rxd8+ Kh7 22. R8d7 Qc5 23. Rxb7 f5 24. Rdd7 Qc1+ 25. Bf1 Kg6 26. Rxg7+ Kh5 27. Rbf7 {1-0 (27) Rustemov,A (2525)-Concio,M (2211) Chess.com INT 2022}) 11... d6 12. O-O {***ENDE BUCH***} b6 13. Rad1 Bb7 14. b4 {Ein typischer Aufbau bei dieser Konstellation. Weiss will die gegnerische Bauernstruktur mit c4-c5 schwächen.} a5 15. Bg3 {Der Vorstoss 15.c5 gewährt Weiss noch geringen Vorteil.} axb4 16. axb4 Rfe8 17. Rfe1 Qe6 $11 18. Rc1 Ra3 19. f3 Nc6 20. e4 Rea8 21. c5 dxc5 22. bxc5 bxc5 23. Qf4 Qe7 24. Qxc7 Qxc7 25. Bxc7 Rc8 $6 ({Genauer ist} 25... Nd4 {was den weiteren Ausgleich sichert} 26. Bf1 (26. Rxc5 Ra1 27. Kf2 Rxe1 28. Kxe1 Nxe2 29. Kxe2 Ra2+ $11) 26... Ba6 27. Rxc5 Ne6 $11) 26. Bb6 Ra2 $6 (26... Nd4 {ist genauer} 27. Rxc5 Nxe2+ 28. Rxe2 Rxc5 29. Bxc5 $11 {ungleichfarbige Läufer}) 27. Rxc5 {Die Engines wollen mit 27.Lc4 Tb2 und langen, bzw. anspruchsvollen Varianten den weissen Vorteil vergrössern. Für unsere Oldies dürfte hier aber nichts zu holen sein. Die Verwertung des Mehrbauern an einem Flügel ist alles andere als einfach.} {[#]} Rb8 $2 $18 {[%mdl 2] ***VERLUSTZUG***, was mit 27...Tb2 zu vermeiden war.} 28. Bc4 Rb2 29. Rb5 $2 {Damit vergibt Weiss den Gewinn.} (29. Bc7 Re8 30. Rd1 h6 31. h4 {+- (4.51) (100% +100% =0% -0%) Depth: 48/80}) 29... Rxb5 30. Bxb5 Ba6 31. Bxa6 (31. Bxc6 Rxb6 $11 {ändert nichts}) 31... Rxb6 32. Ra1 Kf8 33. Kf2 Rb2+ 34. Kg3 Rc2 35. f4 h6 36. h4 Ke7 37. Ra4 g6 38. Rc4 Rxc4 39. Bxc4 {Nach dem Abtausch der Türme ist die Partie endgültig Remis. Denn mit Bauern am selben Flügel ist der Springer nicht schlechter als der Läufer. Der Letztere kann nur auf seiner Farbe agieren, während der Springer auf die dunklen wie hellen Farben zugreifen kann.} {[#]} h5 $2 $18 {[%mdl 2] ***VERLUSTZUG*** Nr. 2 Schwarz hat keine Ahnung von diesem Endspiel und versteht deshalb nicht, dass man als Verteidiger seine Bauern nicht auf die Farbe des gegnerischen Läufer stellen soll.} 40. Kf3 Nd4+ 41. Ke3 Nc2+ 42. Kf2 ({sieht logischer aus} 42. Kd2 Nd4 43. Kd3 Nc6 44. Ke3 f6 45. Bd5 Nb4 46. Bb3 Nc6 47. Ba4 Nd8 48. f5 $1 Kf7 49. Kd4 $18 {und gewinnt}) 42... Na3 43. Bb3 {Nicht am besten, aber noch immer genügend für den Sieg.} (43. Bd3 $1 {war viel stärker, hat doch der Sa3 keine Felder mehr} Kd6 44. Ke3 {droht Kd4 und dann wird der Springer nach Kc3 und Kb3 erobert.} Kc5 45. e5 Kd5 46. g3 Kc5 47. Ke4 Kb4 48. Kd4 Kb3 49. e6 fxe6 50. Ke5 $18) 43... Nb5 44. Ke3 Nc7 45. g3 $2 {Vom Prinzip her ein typischer Anfängerfehler: Weiss verschenkt ein wichtiges Tempo, um diesen Zug erst auszuführen, wenn man Schwarz in eine Zugzwangstellung bringen kann. Dass Weiss im vorliegenden Fall trotzdem noch gewinnen kann, ist rein zufällig.} (45. Bc4 {Einengung des Springers} f6 46. Kd4 Ne8 47. e5 fxe5+ 48. fxe5 Ng7 49. Bd3 Kf7 50. Kd5 $18) 45... Ne6 46. Bc4 {Der Übergang ins Bauernendspiel war auch möglich.} (46. Bxe6 Kxe6 47. Kd4 Kd6 48. e5+ Ke7 49. Ke3 (49. Kc5 $2 Ke6 $1 $11) 49... Ke6 (49... Kd7 50. Kf3 Ke7 (50... Ke6 51. Ke4 Ke7 52. f5 $18) 51. g4 f6 52. gxh5 gxh5 53. Ke4 Ke6 54. exf6 Kxf6 55. f5 Kf7 56. Ke5 Ke7 57. f6+ Kf7 58. Kf5 Kf8 59. Kg6 $4) 50. Ke4 Ke7 (50... Kd7 51. f5 $18) 51. f5 $18) 46... Kd6 47. f5 gxf5 48. exf5 Ng7 {[#]} 49. Bxf7 $2 {Vergibt im letzten Moment den Sieg.} (49. Kf4 f6 50. g4 hxg4 51. Kxg4 Ke5 52. Bd3 Kd4 53. Bb5 Ke5 54. Bd7 Kd6 55. h5 Nxh5 56. Kxh5 Kxd7 57. Kg6 Ke7 58. Kg7 $18) 49... Ke5 50. Bxh5 (50. Be6 Nxf5+ 51. Bxf5 Kxf5 52. Kf3 Ke5 53. g4 hxg4+ 54. Kxg4 Kf6 $11) 50... Nxh5 51. g4 {Dieses Endspiel ist natürlich Remis.} Nf6 52. Kf3 Ne4 53. h5 Ng5+ 54. Kg3 Nf7 55. Kh3 Kf4 56. Kh4 Ke4 57. f6 Kf4 58. h6 Ke5 59. g5 Kf5 60. h7 Kg6 61. Kg4 Kxh7 62. Kf5 Nh8 63. Ke6 Kg6 64. Kd6 Nf7+ 65. Kd7 Nxg5 66. Ke8 Kxf6 {***REMIS MATERIAL***} 1/2-1/2

[Event "Match 79__120'/40"]
[Site "Zürich"]
[Date "2025.??.??"]
[Round "35"]
[White "Mephisto Explorer Pro"]
[Black "Mephisto Polgar sel. 5"]
[Result "0-1"]
[WhiteElo "2013"]
[BlackElo "1981"]
[Annotator "Utzinger,K"]
[PlyCount "103"]
[EventDate "2024.10.21"]
[EventType "match"]
[SourceVersionDate "2024.10.21"]

{[%evp 0,103,19,29,23,17,27,26,22,23,29,27,33,30,24,9,43,32,35,16,13,13,-16,5,-16,-24,-36,-48,-39,-83,-89,-89,-118,-70,-42,-75,-8,-220,-215,-215,-73,-65,-50,-58,-58,-55,-46,-46,-53,-31,-21,-84,-54,-111,-111,-111,-16,-194,-120,-227,-248,-244,-246,-246,-241,-333,-303,-450,-447,-440,-448,-453,-460,-460,-460,-469,-497,-481,-481,-481,-481,-546,-436,-407,-509,-517,-583,-594,-596,-697,-654,-727,-945,-969,-1128,-1216,-1439,-1704,-1839,-1978,-2152,-2433,-28250,-28253,-29974,-29979]} 1. Nf3 d5 {Match 120'/40 | Bediener: Rolf Bühler | 35. Partie: Schwarz (Mephisto Polgar) gewinnt| Zwischenstand: 20,5-14,5 (58,5%) für Mephisto Explorer Pro / hypothetisch: 21,5-13,5 (63,2%) für Mephisto Explorer Pro | Eröffnung: Damenbauerspiel, London System | Das Programm von Frans Morsch entscheidet sich stellungswidrig für die lange Rochade. Als es schon aussieht, als ob Schwarz mit seinem Angriff am Damenflügel siegreich bleibt, wirft er den Gewinn weg. In der Folge begeht aber der Gegner erneute Fehler und der Mephisto Polgar kann nach 9 Partien wieder einmal einen Sieg feiern.} 2. d4 Nf6 3. Bf4 e6 {***ENDE BUCH***} 4. Nbd2 {***ENDE BUCH***} Bd7 {Eine Rarität, was Schwarz hier auspackt, obwohl er damit noch nicht in Nachteil geraten muss.} 5. e3 c5 6. c3 Nc6 7. Qb3 $6 {Ein typischer Computerzug: Bevor die Entwicklung vorangetrieben wird, geht die Dame auf Bauernjagd, keine wirksame Idee.} Na5 8. Qc2 Rc8 {[#]} 9. O-O-O $2 {Der Mephisto Explorer hat kein Gespür für Königssicherheit, rochiert doch Weiss direkt in den gegnerischen Angriff am Damenflügel.} Be7 {Sofort 9...c4 oder ...9.b5 verspricht mehr. Denn jetzt könnte Weiss mit 10.dxc5 die schwarzen Angriffschancen maximal erschweren.} 10. Bd3 $2 {Weiss fährt im selben unbedarften Stil weiter und fordert die folgende Antwort geradezu heraus.} c4 $1 {Hat Schwarz nun den Braten, sprich die Chance auf Angriff, gerochen?} 11. Be2 b5 $1 {Und erneut trifft der Mephisto Polgar die richtige Wahl. Hier kann man bereits von einer deutlich überlegenen Stellung für Schwarz sprechen.} {[#]} 12. e4 $2 $18 {[%mdl 32768] ***VERLUSTZUG*** Das ist nun eine Ungenauigkeit zu viel, was die weisse Stellung nicht mehr verträgt. Weiss sollte prophylaktisch 12.a3 ziehen und danach selbst mit Se5 gefolgt von g4 auf Gegenangriff am anderen Flügel spielen.} b4 $1 13. e5 ({Oder} 13. Ne5 bxc3 14. bxc3 Ba3+ 15. Kb1 Rb8+ 16. Ka1 Bb2+ 17. Qxb2 Rxb2 18. Kxb2 O-O 19. Rb1 dxe4 $19) 13... Nh5 {Auch 13...Sg4 gewinnt.} 14. Be3 bxc3 {Und hier gewinnt 14...0-0 ebenfalls.} 15. Qxc3 (15. bxc3 Ba3+ 16. Kb1 O-O 17. Ka1 Qe8) 15... Qb6 16. Kb1 Bb4 17. Qc2 c3 18. Nf1 cxb2 19. Qxb2 Ba4 20. Rc1 Rxc1+ $2 {Verdirbt den Gewinn.} 21. Bxc1 Nc4 22. Bxc4 dxc4 23. a3 Be7 24. Qxb6 axb6 25. Kb2 Kd7 26. Kc3 Bc6 27. Ne3 b5 28. a4 bxa4 $6 {Nicht am besten.} (28... Nf4 $1 29. axb5 Bxb5 30. Bb2 Ra8 31. Ra1 Ne2+ 32. Kc2 Rxa1 33. Bxa1 Bb4 34. Ng5 Ba4+ 35. Kb1 c3 36. Nc2 Ba5 37. Nxh7 Kc6 38. Ng5 Kd5 39. Nxf7 Nxd4 $19) {[#]} 29. Nxc4 $2 {[%mdl 32768] Danach ist Weiss erneut verloren. Der schwarze Turm erhält die offene b-Linie für seinen Turm und dann marschiert der freie a-Bauer.} ({Nur mit} 29. d5 $5 {kann Weiss noch Widerstand leisten.} exd5 30. Nf5 Bc5 31. Be3 g6 32. Bxc5 gxf5 33. Rb1 {und es wäre für einen Oldie technisch anspruchsvoll, diese Stellung zu gewinnen.}) 29... Rb8 30. Be3 Rb3+ 31. Kd2 Bd5 32. Rc1 a3 33. Nd6 a2 34. Ne1 {Ebenso wenig rettet} (34. Ra1 Rb1 35. Rxa2 Bxa2 $17) 34... Rb1 35. Nc2 Bxd6 36. exd6 Bxg2 $19 37. h4 Kxd6 {Die weisse Stellung mit zwei Bauern weniger ist nun völlig hoffnungslos.} 38. Kd3 Bf1+ 39. Kd2 f5 40. Kc3 f4 41. Bd2 f3 42. Na1 Nf6 43. Kc2 Kd5 44. Bf4 (44. Rxb1 $2 {wird bestraft mit} Bd3+ 45. Kxd3 axb1=Q+ {und Matt in wenigen Zügen}) 44... Ne4 45. Be3 Be2 46. h5 Kc4 47. h6 gxh6 48. Bd2 Nxf2 49. Be1 Nd3 50. Rxb1 axb1=Q+ 51. Kxb1 Nxe1 52. Kb2 {***Aufgegeben***} 0-1

[Event "Match 79__120'/40"]
[Site "Zürich"]
[Date "2025.??.??"]
[Round "36"]
[White "Mephisto Polgar sel. 5"]
[Black "Mephisto Explorer Pro"]
[Result "0-1"]
[WhiteElo "1981"]
[BlackElo "2013"]
[Annotator "Utzinger,K"]
[PlyCount "51"]
[EventDate "2024.10.21"]
[EventType "match"]
[SourceVersionDate "2024.10.21"]

{[%evp 0,51,27,32,35,0,-4,-4,-11,1,1,17,17,29,20,-8,31,23,29,36,36,38,46,24,34,30,28,24,53,52,42,38,36,13,17,-18,-21,-60,-64,-27,0,-150,-150,-160,-173,-150,-128,-188,-107,-96,-169,-375,-372,-29993]} 1. d4 Nf6 {Match 120'/40 | Bediener: Rolf Bühler | 36. Partie: Schwarz (Mephisto Explorer Pro) gewinnt| Zwischenstand: 21,5-14,5 (59,7%) für Mephisto Explorer Pro / hypothetisch: 21,5-14,5 (59,7%) für Mephisto Explorer Pro | Eröffnung: Damengambit abgelehnt, Cambridge Springs Variante | Bis 19...Kh8 verläuft die Partie in ruhigen Bahnen bei ausgeglichenem Charakter. Mit 20.dxc5? und 23.g3? verlassen den Mephisto Polgar wieder einmal die Kräfte. Das Programm von Ed Schroeder gerät dann in wenigen Zügen in eine unhaltbare Situation, bzw. in einen Mattangriff seines Gegners.} 2. c4 e6 3. Nc3 d5 4. Bg5 c6 5. e3 Nbd7 6. Nf3 Qa5 {***ENDE BUCH***} 7. Bxf6 {Die Läufer Abtausch Variante ist eine sichere, aber anspruchslose Fortsetzung. Die radikale Vermeidung der Verwicklungen, die mit der indirekten Bedrohung des Lg5 in Verbindung stehen, geht auf Kosten der Hoffnung auf einen Eröffnungsvorteil (Dr. Max Euwe: Theorie der Schach-Eröffnungen, 1957).} (7. Nd2 {Am gebräuchlichsten. Die Fesslung des Sc3 wird sofort aufgehoben und der weisse Königsspringer kann nun tatkräftig an der Abwehr des schwarzen Gegenangriffs mitwirken (Dr. Max Euwe: Theorie der Schach-Eröffnungen).} Bb4 {oder}) (7. cxd5 {In vielen Eröffnungen gibt es eine Abtauschvariante. Die meisten Abtauschvariante führen zu einer Versteifung der Bauernformation und demzufolge zu einem verhältnismässig ruhigen Spiel. Für die Abtauschvariante der Cambridge Springs Variante gilt diese Feststellung aber nicht. Diese führt im Gegenteil zu einem ungemein verwickelten Spiel mit schwer zu taxierenden Chancen. Der Textzug hat den Zweck, Schwarz zwei seiner wichtigsten Trümpfe aus der Hand zu nehmen, nämlich 7...Se4 und 7...dxc4, die in jedem Falle den ungeschützten weissen Läufer bedrohen. Wenn aber diese Stellung nur durch Zugeständnisse in anderer Hinsicht zu verwirklichen ist, bleibt es eine offene Frage, ob der moderne Textzug der klassischen Fortsetzung 7.Sd2 vorzuziehen ist. Auf alle Fälle sind die Konsequenzen von 7.cxd5 viel weniger klar als die von 7.Sd2. Zur Zeit wird der Textzug viel gebraucht (Dr. Max Euwe: Theorie der Schach-Eröffnungen, 1957). Heutzutage (2025) ist gerade wegen den von Euwe genannten Gründen 7.cxd5 wieder hoch im Kurs.}) 7... Nxf6 8. Bd3 Bb4 9. Qb3 {***ENDE BUCH***} (9. Qc2 {ist ungefähr gleichwertig (Dr. Max Euwe: Theorie der Schach-Eröffnungen, 1957).}) 9... dxc4 {Der erste Schritt zur Befreiung des Lc8 (Dr. Max Euwe: Theorie der Schach-Eröffnungen, 1957).} 10. Bxc4 Ne4 {Dynamischer als die kurze Rochade.} (10... O-O 11. O-O Bxc3 {Der zweite Schritt; Schwarz schliesst die c-Linie und kommt dadurch bequem zu c6-c5. Da Weiss zuerst das Läuferpaar aufgab, kann sich Schwarz denselben Luxus leisten (Dr. Max Euwe: Theorie der Schach-Eröffnungen, 1957).} 12. bxc3 b6 13. Ne5 Bb7 14. Be2 c5 {Hiermit hat Schwarz seine Entwicklung auf befriedigende Art vollendet. Wir geben noch einige Züge an, um zu beweisen, dass die geringe Bewegungsfreiheit der schwarzen Dame nicht nachteilig ist (Dr. Max Euwe: Theorie der Schach-Eröffnungen, 1957).} 15. Nc4 Qa6 16. Qb2 Bd5 17. Ne5 (17. Nd6 {wird mit} Qa5 $11 {beantwortet. (Dr. Max Euwe: Theorie der Schach-Eröffnungen, 1957).}) 17... Qc8 18. a4 Nd7 19. c4 Be4 20. Nxd7 Qxd7 21. dxc5 bxc5 $11 {Das Spiel steht vollkommen gleich. (Dr. Max Euwe: Theorie der Schach-Eröffnungen, 1957).} 22. Qe5 Qc6 23. f3 Bg6 24. Rfd1 Rfd8 25. Rxd8+ Rxd8 26. Rd1 Rxd1+ 27. Bxd1 {½-½ (27) Capablanca,J-Lasker,E New York 1924}) 11. Rc1 O-O 12. a3 {Die kurze Rochade mit Entfesslung des Springers sieht natürlicher aus. Schwarz müsste sich nach 12.0-0 so oder so entscheiden, ob er auf c3 tauschen soll.} Bxc3+ 13. bxc3 Rd8 14. O-O Nd6 15. Bd3 b6 {Endlich kümmert sich Schwarz um die Entwicklung seines Läufers. Auch die Zentrumsanrempelung 15...c5 kam in Frage.} 16. c4 c5 17. Ne5 Bb7 18. Qb1 f6 {Korrekt, aber erstaunlich, dass Schwarz sich den Bauern h7 mit Schachgebot schnappen lässt.} 19. Bxh7+ Kh8 {[#]} 20. dxc5 $2 {Ein Fehler, der die Bewertung von 0.00 auf -+ 1.78 zugunsten von Schwarz treibt. Der Ausgleich war noch mit 20.Dg6 sicherzustellen.} (20. Qg6 $1 Be4 (20... fxe5 $2 21. Qh5 Nf7 22. Be4+ Kg8 23. Bxb7 Rab8 24. Be4 exd4 25. Rcd1 Nh6 26. Qg6 Re8 27. Rd3 $18) 21. Qh5 Bxh7 22. Ng6+ Kg8 23. Ne7+ Kh8 (23... Kf8 $2 24. Nc6 Qa6 25. Nxd8 $18) 24. Ng6+ {mit kommendem Dauerschach}) 20... Qxc5 21. Nd3 Qg5 {Droht auf g2 Matt.} 22. Nf4 f5 {[#]} 23. g3 $2 $19 {[%mdl 32768] ***VERLUSTZUG*** Mit 23.h4 konnte Weiss noch so etwas wie Widerstand aufbringen.} (23. h4 Qf6 24. c5 bxc5 25. Bxf5 exf5 26. Rxc5 Ne4 27. Rc7 Ba6 28. Rfc1 Rab8 $17) 23... Kxh7 24. Nxe6 Qh5 {Das etwas stärkere 25.Tcd1 wird mit 25...Sf7 beantwortet, ebenfalls mit schwarzer Gewinnstellung.} 25. Nxd8 Be4 {Um das Matt zu verhindern, müsste Weiss nun die Dame geben. Aber auch 25...Txd8 hätte gewonnen.} 26. Qb2 {***AUFGEGEBEN***} 0-1